[Event "ARG-ch sf 94th"]
[Site "Buenos Aires"]
[Date "2019.04.04"]
[Round "6"]
[White "Sala, Esteban"]
[Black "Signa, Juan Jose"]
[Result "1/2-1/2"]
[WhiteElo "1775"]
[BlackElo "1471"]
[PlyCount "100"]
[EventDate "2019.03.30"]
[EventType "swiss"]
[EventRounds "9"]
[EventCountry "ARG"]
[SourceTitle "CBM 189 Extra"]
[Source "ChessBase"]
[SourceDate "2019.06.03"]
[SourceVersion "1"]
[SourceVersionDate "2019.06.03"]
[SourceQuality "1"]

1. e4 g6 2. d4 Bg7 3. Nc3 d6 4. Be3 Nf6 5. f3 0-0 6. Qd2 Nbd7 7. 0-0-0 c6 8. g4 e5 9. h4 b5 10. Bh6 b4 11. Nce2 Qa5 12. Kb1 Nb6 13. Ng3 Be6 14. b3 exd4 15. Bxg7 Kxg7 16. g5 Nfd5 17. exd5 Nxd5 18. Qxd4+ Kg8 19. Ne4 Nc3+ 20. Nxc3 bxc3 21. Rd3 Bf5 22. Qxc3 Qb6 23. Rxd6 Rfe8 24. Bh3 Re3 25. Qd2 Rxb3+ 26. axb3 Qxb3+ 27. Kc1 Qa3+ 28. Kd1 Re8 29. Ne2 Qxf3 30. Bxf5 Qxh1+ 31. Qe1 Qh2 32. Rd2 gxf5 33. Kc1 Qe5 34. c3 Qxc3+ 35. Nxc3 Rxe1+ 36. Kc2 Rh1 37. Rd4 Rh3 38. Kb3 Kg7 39. Kb4 a5+ 40. Kc4 Kg6 41. Ne2 Rh2 42. Nf4+ Kg7 43. Nh5+ Kg6 44. Nf4+ Kg7 45. Nd3 Kg6 46. Ne5+ Kh5 47. Nf3 Rf2 48. Rf4 Rc2+ 49. Kb3 Rc5 50. Nd4 Kg6 1/2-1/2